000 00725nam a2200217 a 4500
999 _c5310
_d5310
001 5310
003 BD-JhCC
005 20180303122630.0
008 171212s1962 bg ||||| ||a| 00| 0 eng d
035 _a(BD-JhCC)5310
040 _aBD-JhCC
_dBD-JhCC
041 _aBen
082 _a297.18
_bHOS 1962
100 _aহোসেন, কাজী আবুল
245 _aউম্মুল মু'মেনীন হযরত আয়েশা সিদ্দিকা (রাঃ)
_cকাজী আবুল হোসেন,
260 _aঢাকা :
_bইসলামিয়া লাইব্রেরী,
_c1962.
300 _a84 p. :
_c18 cm.
650 _aMuslim Legend
942 _2ddc
_cBK